Trouve son binôme - Statistiques

Statistiques générales
  • Ce quiz a été pris 155 fois
  • Le résultat moyen est 26 sur 30
Statistiques - réponses
Hint Réponse % Correct
Boule Bill
98%
Astérix Obélix
98%
Bigflo Oli
98%
Tic Tac
98%
Dupond Dupont
97%
Mario Luigi
97%
Roméo Juliette
96%
Bonnie Clyde
95%
Adam Eve
95%
C-3PO R2D2
95%
Titi Grosminet
94%
Lilo Stitch
94%
McFly Carlito
93%
Eric Ramzy
93%
Tom-Tom Nana
92%
Rox Rouky
91%
Bernard Bianca
90%
Olive Tom
89%
Bip Bip Le Coyote
88%
Starsky Hutch
86%
Pascal Bataille Laurent Fontaine
86%
Omar Fred
83%
Laurel Hardy
80%
Tom Jerry
80%
Timon Pumba
80%
Thelma Louise
76%
Blake Mortimer
66%
Arnold Willy
61%
Stone Charden
58%
Charly Lulu
54%
Aucun quiz correspondant
Distribution des résultats
% des personnes avec chaque résultat
Percentile par nombre de réponses
Votre historique - résultats
Vous n’avez pas pris ce quiz